Culture Générale - Clic Quiz - La réponse est en emoji par IA #31 - Statistiques

Statistiques générales
  • Ce quiz a été pris 204 fois
  • Le résultat moyen est 26 sur 40
Statistiques - réponses
Hint Réponse % Correct
Pinocchio
95%
Tarzan
95%
Philippe Etchebest
95%
Lucky Luke
94%
Frankenstein
92%
M. Pokora
92%
Joker
92%
Balthazar Picsou
90%
Flipper
90%
Beethoven de la famille Newton
89%
Bilal Hassani
88%
Grincheux
88%
Satan
84%
Geppetto
82%
Oui-Oui
82%
Double-Face
82%
Sebastien Chabal
79%
Gromit
78%
Philippe de Belgique
77%
Soliman le Magnifique
72%
Jappeloup
63%
Matthew McConaughey
61%
Bourvil
60%
Michy Batshuayi
59%
Raymond Poincaré
58%
Marc Márquez
55%
Baphomet
52%
Herge
50%
Alan Shearer
49%
Wallace
48%
David Cronenberg
37%
Chuck Berry
36%
Charles Manson
36%
Damiano David
34%
Nick Cave
31%
Ted Bundy
30%
John Coltrane
28%
« Dimebag » Darrell Abbott
26%
Le Tueur du Zodiaque
19%
Danny Elfman
19%
Aucun quiz correspondant
Distribution des résultats
% des personnes avec chaque résultat
Percentile par nombre de réponses
Votre historique - résultats
Vous n’avez pas pris ce quiz